000
00332nam a22001337a 4500
005
20250828122627.0
008
250828b |||||||| |||| 00| 0 eng d
041
_a
Eng.
100
_a
Kulkarni, Anand & Others
_9
212845
245
_a
Business English ( S.Y.B. A. )
260
_a
Pune
_b
Vaibhav Book
300
_a
132
942
_c
BK
999
_c
367533
_d
367533